000 00630nam a2200193Ia 4500
008 230921s9999||||xx |||||||||||||| ||und||
020 _a978-3-319-25591-0
022 _a1611-3349
041 _aEN
100 _aHenning Christiansen, Isidora Stojanovic, George A. Papadopoulos
245 0 _aModeling and Using Context
250 _a1st ed. 2015
260 _c2015
_bSpringer International Publishing
300 _b9405
440 _aLecture Notes in Computer Science
856 _uhttps://doi.org/10.1007/978-3-319-25591-0
856 _uhttps://link.springer.com/openurl?genre=book&isbn=978-3-319-25591-0
942 _cEB
999 _c280105
_d280105